[Event "Budapest-chT1 Lilienthal 1718"]
[Site "Budapest"]
[Date "2017.11.12"]
[Round "3"]
[White "Csaszar, Gyula"]
[Black "Kovacs, Milan"]
[Result "1-0"]
[WhiteElo "1966"]
[BlackElo "2040"]
[PlyCount "113"]
[EventDate "2017.10.01"]
[EventType "team-tourn"]
[EventRounds "13"]
[EventCountry "HUN"]
[SourceTitle "EXT 2021"]
[Source "ChessBase"]
[SourceDate "2020.10.23"]
[SourceVersion "1"]
[SourceVersionDate "2020.10.23"]
[SourceQuality "1"]
[WhiteTeam "Budapest EAC II"]
[BlackTeam "Mattolda"]
[WhiteTeamCountry "HUN"]
[BlackTeamCountry "HUN"]

1. e4 d6 2. f4 Nf6 3. Nc3 g6 4. Nf3 Bg7 5. d4 0-0 6. Bd3 Nc6 7. 0-0 Bg4 8. Be3 e5 9. d5 Nd4 10. fxe5 dxe5 11. Ne2 Nxf3+ 12. gxf3 Bh3 13. Rf2 Nh5 14. Ng3 Nf4 15. Qd2 Qh4 16. Kh1 f5 17. exf5 gxf5 18. Bf1 Rf6 19. Ne2 Nh5 20. Bxh3 Qxh3 21. Bg5 Rg6 22. Rg1 f4 23. Be7 Ng3+ 24. Nxg3 fxg3 25. Rfg2 gxh2 26. Rf1 Re8 27. Ba3 e4 28. Qe2 Rxg2 29. Qxg2 Qxg2+ 30. Kxg2 exf3+ 31. Kxh2 Re2+ 32. Kg3 Rxc2 33. Rxf3 Be5+ 34. Kg4 Rd2 35. Kf5 Rxd5 36. Ke6 Rb5 37. Rf5 Rxb2 38. Rg5+ Kh8 39. Bxb2 Bxb2 40. Rb5 Bd4 41. Rxb7 Bb6 42. Kf6 Bd4+ 43. Kf7 h5 44. Rxc7 Kh7 45. Rd7 Bb6 46. Kf6+ Kh6 47. Kf5 h4 48. Kg4 Bf2 49. Rf7 Bb6 50. Kxh4 Kg6 51. Rf3 Bc5 52. Kg4 Bd4 53. Kf4 Bb6 54. Ke5 Kg7 55. Kd6 Bd4 56. Kc6 a5 57. Kb5 1-0

[Event "Gyor op-A 7th"]
[Site "Gyor"]
[Date "2016.07.09"]
[Round "6"]
[White "Kovacs, Milan"]
[Black "Erky, Tamas"]
[Result "1-0"]
[WhiteElo "1972"]
[BlackElo "1705"]
[PlyCount "119"]
[EventDate "2016.07.06"]
[EventType "swiss"]
[EventRounds "9"]
[EventCountry "HUN"]
[SourceTitle "EXT 2017"]
[Source "ChessBase"]
[SourceDate "2016.10.25"]
[SourceVersion "1"]
[SourceVersionDate "2016.10.25"]
[SourceQuality "1"]

1. e4 e6 2. d4 d5 3. exd5 exd5 4. Bd3 Nf6 5. h3 h6 6. Nf3 Bd6 7. 0-0 0-0 8. Be3 Re8 9. Nbd2 Ne4 10. c4 c6 11. Qb3 Nf6 12. Rac1 Nbd7 13. Rfe1 Rb8 14. Re2 Nf8 15. Rce1 Be6 16. c5 Bc7 17. Qc2 Qd7 18. Ne5 Bxe5 19. dxe5 Nh5 20. Nf1 f5 21. Ng3 Nxg3 22. fxg3 Ng6 23. Bd4 Rf8 24. Rf1 Ne7 25. Ref2 Rf7 26. Qe2 g6 27. b4 Rbf8 28. Be3 h5 29. Rf4 Rh7 30. Rd4 Rff7 31. Bg5 Nc8 32. Qe3 b6 33. Bf6 Qe8 34. Qg5 Rb7 35. Re1 b5 36. Rf1 Rbg7 37. Bc2 a6 38. Bxg7 Rxg7 39. g4 hxg4 40. hxg4 Ne7 41. Qf6 Qd7 42. Qh4 Qc8 43. g5 Rh7 44. Qg3 Kg7 45. Rff4 Rh5 46. Rh4 Qh8 47. Qh2 Rxh4 48. Rxh4 Qg8 49. Rd4 Kf7 50. Qh6 Qg7 51. Qxg7+ Kxg7 52. Kf2 Bc8 53. Ke3 Be6 54. a4 Kf7 55. Rh4 Kg7 56. Kd4 Nc8 57. axb5 axb5 58. Rh1 Ne7 59. Ra1 Kf7 60. Bd3 1-0

[Event "Gyor op-A 7th"]
[Site "Gyor"]
[Date "2016.07.07"]
[Round "3"]
[White "Pesti, Mate"]
[Black "Kovacs, Milan"]
[Result "0-1"]
[WhiteElo "1655"]
[BlackElo "1972"]
[PlyCount "72"]
[EventDate "2016.07.06"]
[EventType "swiss"]
[EventRounds "9"]
[EventCountry "HUN"]
[SourceTitle "EXT 2017"]
[Source "ChessBase"]
[SourceDate "2016.10.25"]
[SourceVersion "1"]
[SourceVersionDate "2016.10.25"]
[SourceQuality "1"]

1. e4 e5 2. Nf3 Nc6 3. Bb5 a6 4. Ba4 b5 5. Bb3 Na5 6. 0-0 Nxb3 7. axb3 d6 8. d4 exd4 9. Nxd4 Bd7 10. Re1 Be7 11. Bf4 Nf6 12. c3 0-0 13. h3 Qc8 14. Nd2 c5 15. Nc2 Bc6 16. e5 dxe5 17. Bxe5 Qb7 18. Ne3 Rad8 19. Qc2 Nd5 20. Ndf1 Bd6 21. Bxd6 Rxd6 22. Nxd5 Bxd5 23. Ne3 Be4 24. Qe2 Rg6 25. g3 Bf3 26. Qd3 Be4 27. Qd2 f5 28. Kh2 f4 29. Nc2 Bg2 30. Rad1 fxg3+ 31. fxg3 Rxg3 32. Re3 Rg6 33. Rde1 Bf3 34. R1e2 Qc7+ 35. Re5 Bxe2 36. Qd5+ Kh8 0-1

[Event "HUN-chT2 Szechenyi 1516"]
[Site "Hungary"]
[Date "2015.11.08"]
[Round "4.8"]
[White "Bauer, Attila"]
[Black "Kovacs, Milan"]
[Result "1/2-1/2"]
[WhiteElo "1881"]
[BlackElo "1965"]
[PlyCount "32"]
[EventDate "2015.09.13"]
[EventType "team-tourn"]
[EventRounds "11"]
[EventCountry "HUN"]
[SourceTitle "CBM 170 Extra"]
[Source "ChessBase"]
[SourceDate "2016.02.25"]
[SourceVersion "1"]
[SourceVersionDate "2016.02.25"]
[SourceQuality "1"]
[WhiteTeam "Ajka Banyasz"]
[BlackTeam "Gyor Elektromos"]
[WhiteTeamCountry "HUN"]
[BlackTeamCountry "HUN"]

1. d4 Nf6 2. Nf3 d6 3. c4 g6 4. Nc3 Bg7 5. h3 0-0 6. e4 e5 7. d5 Nbd7 8. Be2 Nh5 9. Nh2 Nf4 10. Bf3 Nc5 11. 0-0 Ncd3 12. Qc2 Nxc1 13. Raxc1 Qg5 14. Kh1 f5 15. b4 Rf7 16. c5 Bf8 1/2-1/2

[Event "HUN-chT2 Szechenyi 1516"]
[Site "Hungary"]
[Date "2015.10.04"]
[Round "2.8"]
[White "Horvath, Tibor"]
[Black "Kovacs, Milan"]
[Result "0-1"]
[WhiteElo "1750"]
[BlackElo "1965"]
[PlyCount "172"]
[EventDate "2015.09.13"]
[EventType "team-tourn"]
[EventRounds "11"]
[EventCountry "HUN"]
[SourceTitle "CBM 170 Extra"]
[Source "ChessBase"]
[SourceDate "2016.02.25"]
[SourceVersion "1"]
[SourceVersionDate "2016.02.25"]
[SourceQuality "1"]
[WhiteTeam "Lovo"]
[BlackTeam "Gyor Elektromos"]
[WhiteTeamCountry "HUN"]
[BlackTeamCountry "HUN"]

1. d4 Nf6 2. c4 d6 3. Nc3 g6 4. Bf4 Bg7 5. Qd2 0-0 6. Bh6 Re8 7. Bxg7 Kxg7 8. e4 e5 9. d5 Nh5 10. 0-0-0 Nd7 11. g4 Nf4 12. h4 Nc5 13. f3 a6 14. Nh3 Nxh3 15. Bxh3 b5 16. Bf1 Bd7 17. g5 Rb8 18. h5 bxc4 19. Bxc4 Qe7 20. Rdg1 Kh8 21. hxg6 fxg6 22. Rh6 Rg8 23. Rgh1 Rg7 24. Nd1 Rf8 25. Qg2 Qf7 26. Be2 a5 27. Kb1 a4 28. Nf2 Rb8 29. Ng4 Bxg4 30. Qxg4 a3 31. b3 Qe8 32. Qh3 Qe7 33. Qh4 Rb4 34. Bc4 Na4 35. Kc2 Nc5 36. Qh3 Rb8 37. Qh4 Rf8 38. Rh3 Rf4 39. Qg3 Qf8 40. Qh2 Rff7 41. Bd3 Nxd3 42. Kxd3 Rxf3+ 43. Ke2 Rxh3 44. Qxh3 Qe8 45. Qd3 Rf7 46. Rh2 Rf4 47. Rf2 Qf7 48. Rxf4 Qxf4 49. Qa6 Qxe4+ 50. Kf2 Qf4+ 51. Ke2 Qg4+ 52. Kf2 Qh4+ 53. Ke2 Qh2+ 54. Kf3 Qh1+ 55. Kg3 Qg1+ 56. Kh4 Qh2+ 57. Kg4 Qg2+ 58. Kh4 Qf2+ 59. Kh3 Qf3+ 60. Kh2 Qh5+ 61. Kg3 Qxg5+ 62. Kh3 Qe3+ 63. Kh4 Qf2+ 64. Kh3 Qf3+ 65. Kh4 Qh1+ 66. Kg3 Qg1+ 67. Kh3 Qe3+ 68. Kg2 Qd2+ 69. Kg3 Qxd5 70. Qc8+ Kg7 71. Qxc7+ Kh6 72. Qc1+ g5 73. Qxa3 Qd3+ 74. Kh2 e4 75. Qa8 Qe2+ 76. Kg1 Qe3+ 77. Kh2 Qf4+ 78. Kg1 e3 79. Qh1+ Kg6 80. Qg2 g4 81. Qc2+ Kh6 82. a4 Qg3+ 83. Kf1 Qf3+ 84. Kg1 e2 85. Qd2+ Kh5 86. Qa5+ Kh4 0-1

[Event "HUN-chT2 Breyer 1112"]
[Site "Hungary"]
[Date "2011.11.27"]
[Round "4.7"]
[White "Czimer, Jozsef"]
[Black "Kovacs, Milan"]
[Result "1/2-1/2"]
[WhiteElo "1783"]
[BlackElo "2037"]
[PlyCount "66"]
[EventDate "2011.09.25"]
[EventType "team-tourn"]
[EventRounds "11"]
[EventCountry "HUN"]
[SourceTitle "EXT 2013"]
[Source "ChessBase"]
[SourceDate "2012.11.22"]
[SourceVersion "1"]
[SourceVersionDate "2012.11.22"]
[SourceQuality "1"]
[WhiteTeam "MAV Elore"]
[BlackTeam "Kisber Aszar"]
[WhiteTeamCountry "HUN"]
[BlackTeamCountry "HUN"]

1. e4 e5 2. Nf3 Nc6 3. Bb5 Bc5 4. c3 Nf6 5. 0-0 0-0 6. d4 exd4 7. cxd4 Bb6 8. Nc3 d5 9. e5 Ne4 10. h3 Nxc3 11. bxc3 Bd7 12. Bd3 h6 13. Re1 Be6 14. Bf4 Ne7 15. g4 Qd7 16. Nh2 c5 17. a4 a6 18. a5 Ba7 19. Bc2 cxd4 20. cxd4 Rac8 21. Be3 Nc6 22. Ba4 Qe7 23. Qd2 Qh4 24. Kg2 Qd8 25. Reb1 Qc7 26. Bd1 f6 27. f4 fxe5 28. fxe5 Qd7 29. Be2 Ne7 30. Rb4 Nc6 31. Rb2 Qc7 32. Rc2 Qe7 33. Nf3 Qd7 1/2-1/2

[Event "HUN-chT2 Breyer 1112"]
[Site "Hungary"]
[Date "2011.10.30"]
[Round "2.11"]
[White "Rigo, Bence"]
[Black "Kovacs, Milan"]
[Result "1-0"]
[WhiteElo "1796"]
[BlackElo "2037"]
[PlyCount "120"]
[EventDate "2011.09.25"]
[EventType "team-tourn"]
[EventRounds "11"]
[EventCountry "HUN"]
[SourceTitle "EXT 2013"]
[Source "ChessBase"]
[SourceDate "2012.11.22"]
[SourceVersion "1"]
[SourceVersionDate "2012.11.22"]
[SourceQuality "1"]
[WhiteTeam "Husi"]
[BlackTeam "Kisber Aszar"]
[WhiteTeamCountry "HUN"]
[BlackTeamCountry "HUN"]

1. e4 e5 2. Nf3 Nc6 3. Bc4 Nf6 4. Ng5 d5 5. exd5 Na5 6. Bb5+ c6 7. dxc6 bxc6 8. Ba4 h6 9. Nf3 e4 10. Ne5 Qc7 11. d4 exd3 12. Nxd3 Bd6 13. Bd2 Nb7 14. Qf3 Bd7 15. Bf4 Bxf4 16. Qxf4 Qxf4 17. Nxf4 0-0 18. 0-0 Nc5 19. Nc3 Nxa4 20. Nxa4 Rab8 21. b3 Nd5 22. Rad1 Bg4 23. Nxd5 Bxd1 24. Ne7+ Kh8 25. Rxd1 c5 26. Nxc5 Rfe8 27. Re1 Rbc8 28. f4 Rxc5 29. Ng6+ fxg6 30. Rxe8+ Kh7 31. c4 Ra5 32. a4 g5 33. Re5 Ra6 34. fxg5 Rb6 35. gxh6 Rxb3 36. hxg7 Kxg7 37. Re7+ Kf6 38. Rxa7 Rc3 39. Rc7 Ra3 40. h4 Rxa4 41. g4 Ra2 42. c5 Ra4 43. Rc6+ Kg7 44. Kf2 Rxg4 45. h5 Rh4 46. h6+ Kf7 47. h7 Ke7 48. Rc8 Rxh7 49. Rc7+ Ke6 50. Rxh7 Kd5 51. Rh5+ Kc6 52. Ke3 Kc7 53. Rh6 Kd7 54. c6+ Kc7 55. Kd4 Kb6 56. Kd5 Kc7 57. Rh7+ Kc8 58. Kd6 Kb8 59. c7+ Kc8 60. Rh8+ Kb7 1-0

[Event "Kisber op"]
[Site "Kisber"]
[Date "2011.07.23"]
[Round "5"]
[White "Kovacs, Milan"]
[Black "Molnar, Viktor"]
[Result "1/2-1/2"]
[WhiteElo "1829"]
[BlackElo "1528"]
[PlyCount "60"]
[EventDate "2011.07.21"]
[EventType "swiss"]
[EventRounds "7"]
[EventCountry "HUN"]
[SourceTitle "EXT 2012"]
[Source "ChessBase"]
[SourceDate "2011.11.24"]
[SourceVersion "1"]
[SourceVersionDate "2011.11.24"]
[SourceQuality "1"]

1. e4 c5 2. Nc3 Nc6 3. g3 Nf6 4. Bg2 e6 5. d3 Be7 6. f4 d5 7. e5 Nd7 8. Nf3 Nb6 9. Bd2 Bd7 10. a3 Qc7 11. Qe2 a6 12. h3 0-0-0 13. 0-0-0 Kb8 14. Kb1 Rc8 15. g4 Nd4 16. Qf2 Nxf3 17. Bxf3 Na4 18. g5 Nxc3+ 19. Bxc3 Bc6 20. Rc1 d4 21. Bd2 Bxf3 22. Qxf3 Qb6 23. Ka2 Rhd8 24. h4 Rd5 25. c4 dxc3 26. Rxc3 Rcd8 27. Rb3 Qc7 28. Rc1 R8d7 29. Qe4 g6 30. Be3 Qd8 1/2-1/2

[Event "HUN-ch U12"]
[Site "Celldoemoelk"]
[Date "2011.06.27"]
[Round "1"]
[White "Buzas, Bertalan"]
[Black "Kovacs, Milan"]
[Result "1/2-1/2"]
[WhiteElo "1543"]
[BlackElo "1815"]
[PlyCount "91"]
[EventDate "2011.06.27"]
[EventType "swiss"]
[EventRounds "7"]
[EventCountry "HUN"]
[SourceTitle "EXT 2012"]
[Source "ChessBase"]
[SourceDate "2011.11.24"]
[SourceVersion "1"]
[SourceVersionDate "2011.11.24"]
[SourceQuality "1"]

1. e4 e5 2. Nc3 Nc6 3. Bc4 Bc5 4. Nf3 Nf6 5. h3 d6 6. d3 h6 7. Be3 Bb6 8. 0-0 0-0 9. Qd2 Be6 10. Nd5 Bxd5 11. exd5 Nd4 12. Bxd4 exd4 13. Rfe1 Re8 14. Rxe8+ Qxe8 15. Re1 Qd7 16. Re2 Re8 17. Qe1 Rxe2 18. Qxe2 a6 19. Nd2 Kf8 20. Kf1 Qf5 21. Qf3 Qg5 22. Nb3 Qe5 23. Qg3 Qh5 24. f3 Nxd5 25. Bxd5 Qxd5 26. Qh4 c5 27. Qe4 Qxe4 28. fxe4 Ke7 29. c4 dxc3 30. bxc3 Ke6 31. c4 Bd8 32. a4 f5 33. exf5+ Kxf5 34. Kf2 Ke5 35. Kf3 Bb6 36. Ke3 d5 37. g4 g5 38. Nd2 d4+ 39. Kf3 Ba5 40. Ne4 b6 41. Ng3 Bd2 42. Nf5 h5 43. Ne7 hxg4+ 44. hxg4 Kd6 45. Nf5+ Ke6 46. Ng7+ 1/2-1/2